El poder de la escritura : la ética literaria de Henry Adams
সংরক্ষণ করুন:
| প্রধান লেখক: | |
|---|---|
| বিন্যাস: | বৈদ্যুতিন গ্রন্থ |
| ভাষা: | স্প্যানিশ |
| প্রকাশিত: |
[València]
Departament de Filologia Anglesa i Alemanya, Universitat de València
2003.
|
| মালা: | Biblioteca Javier Coy d'estudis nord-americans
18 |
| বিষয়গুলি: | |
| অনলাইন ব্যবহার করুন: | https://elibro.unach.elogim.com/es/lc/unach/titulos/292676 |
| ট্যাগগুলো: |
ট্যাগ যুক্ত করুন
কোনো ট্যাগ নেই, প্রথমজন হিসাবে ট্যাগ করুন!
|
MARC
| LEADER | 00000nam a2200000 i 4500 | ||
|---|---|---|---|
| 001 | ELB292676 | ||
| 003 | FINmELB | ||
| 005 | 20240731011355.0 | ||
| 006 | m o d | | ||
| 007 | cr cnu|||||||| | ||
| 008 | 260219s2003 sp o 000 0 spa d | ||
| 020 | |a 9788437085494 |q (ebook) | ||
| 020 | |z 9788437057408 | ||
| 035 | |a (OCoLC)992041529 | ||
| 040 | |a FINmELB |b eng |e rda |c FINmELB | ||
| 050 | 4 | |a E175.5.A2 |b A436 2003 | |
| 080 | |a 821.111(73) Adams, Henry 1.07 | ||
| 080 | |a 930 Adams, Henry | ||
| 082 | 0 | 4 | |a 818.409 |2 23 |
| 100 | 1 | |a Alcoriza, Javier |d 1969- |e autor |4 aut | |
| 245 | 1 | 3 | |a El poder de la escritura : |b la ética literaria de Henry Adams |c Javier Alcoriza ; presentación de José Luis Villacañas Berlanga |
| 264 | 1 | |a [València] |b Departament de Filologia Anglesa i Alemanya, Universitat de València |c 2003. | |
| 300 | |a 1 recurso en línea | ||
| 336 | |a texto |b txt |2 rdamedia/spa | ||
| 337 | |a computadora |b c |2 rdamedia/spa | ||
| 338 | |a recurso en línea |b cr |2 rdacarrier/spa | ||
| 490 | 1 | |a Biblioteca Javier Coy d'estudis nord-americans |v 18 | |
| 504 | |a Bibliografía: páginas 149-153 | ||
| 588 | |a Descripción basada en metadatos suministrados por el editor y otras fuentes. | ||
| 590 | |a Recurso electrónico. Santa Fe, Arg.: elibro, 2026. Disponible vía World Wide Web. El acceso puede estar limitado para las bibliotecas afiliadas a elibro. | ||
| 600 | 1 | 4 | |a Adams, Henry |d 1838-1918 |
| 655 | 4 | |a Libros electrónicos. | |
| 797 | 2 | |a elibro, Corp. | |
| 830 | 0 | |a Biblioteca Javier Coy d'estudis nord-americans |v 18 | |
| 856 | 4 | 0 | |u https://elibro.unach.elogim.com/es/lc/unach/titulos/292676 |